| 000 | 00495nam a22001697a 4500 | ||
|---|---|---|---|
| 999 |
_c8328 _d8328 |
||
| 008 | 201113b ||||| |||| 00| 0 eng d | ||
| 040 | _aBMS College of Architecture | ||
| 100 | _aHarshini, B | ||
| 245 | _aLiving Souls | ||
| 300 | _aNA | ||
| 500 | _a1BM15AT030 | ||
| 502 |
_8B,Arch _NBMS College of Architecture, Visvesvaraya Technological University (VTU) _aProject report _d2019 |
||
| 650 | _aSouls | ||
| 700 |
_aShanu Raina _eGuide |
||
| 700 |
_aShantesh Kelvekar _eGuide |
||
| 942 |
_2ddc _cTHE |
||